kku e-library facility

Textbook of Medical Laboratory Science Theory and Practice (Record no. 157)

MARC details
000 -LEADER
fixed length control field 00450nam a2200133 4500
005 - DATE AND TIME OF LATEST TRANSACTION
control field 20260212143441.0
008 - FIXED-LENGTH DATA ELEMENTS--GENERAL INFORMATION
fixed length control field 260212b |||||||| |||| 00| 0 eng d
020 ## - INTERNATIONAL STANDARD BOOK NUMBER
International Standard Book Number 9789354666247
100 ## - MAIN ENTRY--PERSONAL NAME
Personal name Ochei J, and Kolhatkar A
245 ## - TITLE STATEMENT
Title Textbook of Medical Laboratory Science Theory and Practice
Statement of responsibility, etc. /J Ochei & A Kolhatkar
260 ## - PUBLICATION, DISTRIBUTION, ETC.
Place of publication, distribution, etc. New Delhi;
Name of publisher, distributor, etc. Satish Kuma Jain CBS Publishers and Distributors;
Date of publication, distribution, etc. 2024
300 ## - PHYSICAL DESCRIPTION
Extent x;1376p. ill;
Dimensions 24cm
942 ## - ADDED ENTRY ELEMENTS (KOHA)
Source of classification or shelving scheme Library of Congress Classification
Suppress in OPAC No
Koha item type Books

No items available.

©2025 All rights reserved. KKU